| 000 | 00429pab a2200169 454500 | ||
|---|---|---|---|
| 008 | 180718b2003 xxu||||| |||| 00| 0 eng d | ||
| 100 | _aBarro, Robert J. | ||
| 245 | _aReligion and economic growth across countries | ||
| 260 | _c2003 | ||
| 300 | _ap.760-81. | ||
| 362 | _aOct | ||
| 650 | _aReligion | ||
| 650 | _aEconomic growth | ||
| 700 | _aMcCleary, Rachel M. | ||
| 773 | _aAmerican Sociological Review | ||
| 909 | _a59038 | ||
| 999 |
_c59038 _d59038 |
||